Cost planning of buildings (Record no. 62566)

MARC details
000 -LEADER
fixed length control field 00656nam a2200157 a 4500
008 - FIXED-LENGTH DATA ELEMENTS--GENERAL INFORMATION
fixed length control field 120416s1991 ||||||||||||||||| || u
050 ## - LIBRARY OF CONGRESS CALL NUMBER
Classification number TH 435 Fer
100 ## - MAIN ENTRY--PERSONAL NAME
Personal name Ferry, Douglas J
245 10 - TITLE STATEMENT
Title Cost planning of buildings
250 ## - EDITION STATEMENT
Edition statement 6th ed.
260 ## - PUBLICATION, DISTRIBUTION, ETC.
Place of publication, distribution, etc. Oxford
Name of publisher, distributor, etc. BSP Professional Books
Date of publication, distribution, etc. 1991
300 ## - PHYSICAL DESCRIPTION
Extent [vi], 388p. : ill
350 ## -
-- 0.00
995 ## -
-- MAIN LIBRARY OPEN ACCESS
-- 0.00
-- 726359
-- CBU-MAIN LIBRARY (Kitwe)
-- 1
-- 17.99
-- TH 435 Fer
-- AVAILABLE
-- 015251
-- Main Library Open Access Collection
995 ## -
-- MAIN LIBRARY OPEN ACCESS
-- 0.00
-- 015250
-- CBU-MAIN LIBRARY (Kitwe)
-- 2
-- 17.99
-- TH 435 Fer
-- LOST
-- 015250
-- Main Library Open Access Collection
999 ## -
-- 62566
-- 62566
Holdings
Withdrawn status Lost status Source of classification or shelving scheme Damaged status Not for loan Permanent Location Current Location Shelving location Date acquired Total Checkouts Full call number Barcode Date last seen Price effective from Koha item type
          CBU-MAIN LIBRARY, KITWE. CBU-MAIN LIBRARY, KITWE.   12/13/2022   TH 435 Fer 015251 12/13/2022 12/13/2022 MONOGRAPH
          CBU-MAIN LIBRARY, KITWE. CBU-MAIN LIBRARY, KITWE.   12/13/2022   TH 435 Fer 015250 12/13/2022 12/13/2022 MONOGRAPH